000 00619nam a2200229 i 4500
001 bgj
100 1 _aLYONS, John
245 1 0 _aLanguage and linguistics :
_ban introduction /
_cJohn Lyons.
250 _a[Repr.].
260 _aCambridge :
_bCambridge University Press,
_c1995.
300 _aXII, 356 pp ;
_c22 cm.
500 _a1st published 1981.
504 _aBibliography p. 333-350.
505 _aIncludes index.
650 9 _aLinguistics
020 _a0521297753 (pbk)
040 _cBPK
041 0 _aeng
920 _a0-521-29775-3 (pbk)
942 _cKS
008 s uk f |000 0 eng
999 _c48179
_d48179
856 _uhttp://koha.tu.koszalin.pl/cgi-bin/koha/opac-detail.pl?biblionumber=48179
_yKatalog online BPK